Statystyki dla Stany USA leżące najbliżej Moskwy

Kliknij tutaj aby rozwiązać quiz!

Ogólne statystyki

  • Ten quiz został rozwiązany 131 razy
  • Średni wynik to 5 z 10

Statystyki odpowiedzi

StanOdległość km% Poprawnych
Alaska5835
89%
Nowy Jork7088
76%
Maine6648
51%
New Hampshire6957
48%
Vermont7004
45%
Rhode Island7266
44%
Pennsylwania7456
42%
Massachusetts7162
40%
Connecticut7286
38%
Michigan7425
21%

Rozkład punktacji

Percentyl według liczby udzielonych odpowiedzi

Procent ludzi z każdym wynikiem

Twoja historia wyników

Nie rozwiązałeś tego quizu